000 00626nam a2200217Ii 4500
001 1019
003 CO-ViMGA
008 241108s9999||||xx |||||||||||||| ||und||
020 _a8437223113
040 _aCO-ViMGA
_bspa
_erda
_cCO-ViMGA
041 0 _aspa
084 _aC VIN1
100 1 _aGabrielle Vincent
_947178
245 1 0 _aNavidad con César y Ernestina
264 1 _a[Lugar de publicación no identificado] : Santillana, 1996
300 _avolumen
336 _atext
_btxt
_2rdacontent
337 _aunmediated
_bn
_2rdamedia
338 _avolume
_bnc
_2rdacarrier
940 _aidficha_siabuc: 999. -- ficha_no_siabuc:1019
999 _c41758
_d41758